Ligne L90 du réseau Ilevia - Statistiques

Statistiques générales
  • Ce quiz a été pris 10 fois
    8 depuis la dernière actualisation
  • Le résultat moyen est 14 sur 36
Statistiques - réponses
Lignes Réponse % Correct
16,50,51,86,88,L5,L90,L91,L91E,REM2,M2,N1,SNCF,BRT,Tramway Gare Lille Europe
100%
10,14,16,50,51,86,88,L5,L90,L91,L91E,REM2,M2,N1,SNCF,BRT,Tramway Gare Lille Flandres
100%
75,82,944,L90 Comines Mairie
83%
L1,L90 Faidherbe
83%
10,14,50,51,86,88,L90,L91,L91E,9 Lycée Louis Pasteur
83%
L1,L90,907,923 Les Platanes
67%
L1,CO3,L90 Molière
67%
902,908,923,L90 Rue d'Ypres
67%
908,923,L90 Wambrechies Gare
67%
908,L1,L90 Agrippin
50%
L90 Moulins
50%
907,923,L1,L90 Pasteur
50%
L90,978 Quesnoy Mairie
50%
50,CO3,L1,L90 Saint André Gare
50%
L90 Chemin de Sainghin
33%
L90 Chemin du Fort
33%
L90 Clos du Rivage
33%
82,84,88,L90 Gendarmerie
33%
L90 Le Pont
33%
L90 Maisons Militaires
33%
L90 Quai 22
33%
L90 Vingtième Siècle
33%
82,84,L90 Charles Legrand
17%
84,88,L90 Comines Les Glycines
17%
84,L90 Desire Ducarin
17%
L1,CO3,L90,77R Lommelet
17%
75,82,86,88,L90,940,944 Place de Gaulle
17%
L90 Sainte Hélène
17%
L90 Traversiere
17%
88,L90 Cat Malecot
0%
L90 Floriade Renaissance
0%
88,L90 Grand Perne
0%
88,L90 Gravier de Lille
0%
L90 Le Pacau
0%
88,L90 Sainte Marguerite Eglise
0%
82,84,L90 Veil Dieu
0%
Aucun quiz correspondant
Distribution des résultats
% des personnes avec chaque résultat
Percentile par nombre de réponses
Votre historique - résultats
Vous n’avez pas pris ce quiz depuis la dernière actualisation